| 000 | 01094nam a2200349 c 4500 | ||
|---|---|---|---|
| 001 | 880228164 | ||
| 003 | DE-101 | ||
| 005 | 20240924084505.0 | ||
| 007 | tu | ||
| 008 | 880223s1984 xx ||||| |||| 00||||ger | ||
| 015 |
_a88,A10,0113 _2dnb |
||
| 016 | 7 |
_2DE-101 _a880228164 |
|
| 020 | _cPp. : M 5.80 | ||
| 035 | _a(DE-599)DNB880228164 | ||
| 035 | _a(OCoLC)74951025 | ||
| 040 |
_a1200 _bger _cDE-2950 _dDE-2950 |
||
| 041 | _ager | ||
| 044 | _cXA-DDDE | ||
| 084 |
_a07 _a2304 _aK _qDE-101 _2sdnb |
||
| 100 | 1 |
_81\p _0(DE-588)119236516 _0https://d-nb.info/gnd/119236516 _0(DE-101)119236516 _aWeber, Hans _d1937-1987 _eVerfasser _4aut |
|
| 245 | 1 | 0 |
_aMeine Schwester Tilli / _cHans Weber |
| 250 | _a9. Aufl. | ||
| 264 | 1 |
_aBerlin: _bVerl. Neues Leben, _c1984 |
|
| 300 |
_a210 S.: _bIll. _c21 cm |
||
| 336 |
_aText _btxt _2rdacontent |
||
| 337 |
_aohne Hilfsmittel zu benutzen _bn _2rdamedia |
||
| 338 |
_aBand _bnc _2rdacarrier |
||
| 366 |
_cOP 20221008 _2onixas |
||
| 883 |
_81\p _acgwrk _d20210314 _qDE-101 _uhttps://d-nb.info/provenance/plan#cgwrk |
||
| 942 |
_2z _cB |
||
| 999 |
_c373345 _d373345 |
||